VEDIO PRODUCTION (Record no. 5568)

MARC details
000 -LEADER
fixed length control field 00383nam a22001577a 4500
005 - DATE AND TIME OF LATEST TRANSACTION
control field 20170916111619.0
008 - FIXED-LENGTH DATA ELEMENTS--GENERAL INFORMATION
fixed length control field 170916b xxu||||| |||| 00| 0 eng d
020 ## - INTERNATIONAL STANDARD BOOK NUMBER
ISBN 978-93-83725-58-8
041 ## - LANGUAGE CODE
Language code of text/sound track or separate title eng
082 ## - DEWEY DECIMAL CLASSIFICATION NUMBER
Classification number 384.558
100 ## - MAIN ENTRY--AUTHOR NAME
Personal name SINGH, PARAMVEER
245 ## - TITLE STATEMENT
Title VEDIO PRODUCTION
Statement of responsibility, etc PARAMVEER SINGH
260 ## - PUBLICATION, DISTRIBUTION, ETC. (IMPRINT)
Place of publication DELHI
Name of publisher KALAPNA PRAKASHAN
300 ## - PHYSICAL DESCRIPTION
Number of Pages 1195
942 ## - ADDED ENTRY ELEMENTS (KOHA)
Koha item type Books
Holdings
Lost status Damaged status Home library Current library Shelving location Date acquired Source of acquisition Cost, normal purchase price Full call number Accession Number Koha item type
    JRU Library   SHELF-32-G 16/09/2017 PURCHESS 1195.00 384.558 21921 Books
    JRU Library   SHELF-6-D 16/09/2017 PURCHESS 1195.00 384.558 21922 Books